[Event "Druzynowe Mistrzostwa Polski - II Liga 2023"]
[Site "Jastrzebia Gora"]
[Date "1899-12-30"]
[Round "1.129"]
[White "Szmidt, Przemyslaw"]
[Black "Grzeskow, Adrian"]
[Result "1-0"]
[WhiteTitle "I++"]
[BlackTitle "I+"]
[WhiteElo "1824"]
[BlackElo "1955"]

1. e4 c5 2. Nf3 Nc6 3. d4 cxd4 4. Nxd4 Nf6 5. Nc3 e5 6. Ndb5 d6 7. Bg5 a6 8. Bxf6
gxf6 9. Na3 b5 10. Nd5 f5 11. Bxb5 axb5 12. Nxb5 Qa5+ 13. c3 Kd8 14. a4 Rb8 15.
b4 Qa6 16. Ndc7 Qb6 17. a5 Qb7 18. a6 Qb6 19. a7 Nxa7 20. Rxa7 Qc6 21. Qd5 Bd7
22. c4 Qxd5 23. exd5 Rg8 24. O-O Rg4 25. Rc1 Bh6 26. Rc2 Ke7 27. h3 Rg6 28. c5
Rbg8 29. c6 Rxg2+ 30. Kf1 Rg1+ 31. Ke2 Bc8 32. Ne8+ Kxe8 33. Nxd6+ Kd8 34. Nxf7+
Ke8 35. Nxh6 R8g6 36. Ra8 Rxh6 37. Rxc8+ Ke7 38. c7 1-0

[Event "Druzynowe Mistrzostwa Polski - II Liga 2023"]
[Site "Jastrzebia Gora"]
[Date "1899-12-30"]
[Round "1.130"]
[White "Statucki, Maciej"]
[Black "Wisniewski, Szymon"]
[Result "1/2-1/2"]
[WhiteTitle "I"]
[BlackTitle "I+"]
[WhiteElo "1868"]
[BlackElo "1754"]

1. e4 c5 2. Nf3 g6 3. d4 cxd4 4. Nxd4 Nc6 5. c4 Bg7 6. Be3 Nf6 7. Nc3 d6 8. Be2
O-O 9. O-O Bd7 10. h3 Nxd4 11. Bxd4 Bc6 12. Bd3 Nd7 13. Bxg7 Kxg7 14. Kh1 Qb6
15. Rb1 Qd4 16. Ne2 Qf6 17. f4 Nc5 18. Qc2 e5 19. b4 Nxd3 20. Qxd3 exf4 21. Rxf4
Qe5 22. Rbf1 Rae8 23. Nc3 f6 24. b5 g5 25. bxc6 gxf4 26. cxb7 Rb8 27. Nd5 Rxb7
28. Rxf4 Qa1+ 29. Rf1 Qe5 30. Rf5 Qa1+ 31. Rf1 Qe5 32. Rf5 Qa1+ 1/2-1/2

[Event "Druzynowe Mistrzostwa Polski - II Liga 2023"]
[Site "Jastrzebia Gora"]
[Date "1899-12-30"]
[Round "1.131"]
[White "Mioduszewski, Szymon"]
[Black "Adaszewski, Pawel"]
[Result "0-1"]
[WhiteTitle "II"]
[BlackTitle "II"]
[WhiteElo "1534"]
[BlackElo "1694"]

1. Nf3 b6 2. b3 Bb7 3. e3 Nc6 4. Bb2 Nf6 5. d4 d5 6. Nbd2 e6 7. Be2 Bd6 8. O-O
O-O 9. c4 Qe7 10. Ne5 Nd7 11. f4 f6 12. Nxd7 Qxd7 13. cxd5 exd5 14. f5 Rae8 15.
Rf3 g6 16. Bd3 Nb4 17. Bb1 g5 18. a3 Na6 19. Rh3 Rf7 20. g4 Rfe7 21. Nf1 Nb8 22.
Bd3 Ba6 23. Bxa6 Nxa6 24. Qd3 Nb8 25. Nd2 Nc6 26. b4 Nd8 27. b5 Nb7 28. Qb3 Kg7
29. Kf1 Na5 30. Qd3 Nc4 31. Nxc4 dxc4 32. Qxc4 Rxe3 33. Rh5 R3e4 34. Qd3 Rxg4
35. d5 0-1

[Event "Druzynowe Mistrzostwa Polski - II Liga 2023"]
[Site "Jastrzebia Gora"]
[Date "1899-12-30"]
[Round "1.132"]
[White "Czarniecka, Aleksandra"]
[Black "Lukasiewicz, Anna"]
[Result "1/2-1/2"]
[WhiteTitle "m"]
[BlackTitle "m"]
[WhiteElo "2000"]
[BlackElo "1805"]

1. e4 e5 2. Nf3 Nc6 3. Bb5 a6 4. Ba4 Nf6 5. O-O Be7 6. Re1 b5 7. Bb3 d6 8. c3 O-O
9. h3 Nb8 10. d4 Nbd7 11. Nh4 Re8 12. Nf5 Bf8 13. Nd2 g6 14. Ng3 Bb7 15. Nf3 c5
16. Ng5 c4 17. Bc2 h6 18. Nf3 Qc7 19. Nh2 Bg7 20. Ng4 Nxg4 21. Qxg4 Nf6 22. Qf3
Qe7 23. d5 Nd7 24. Nf1 Rf8 25. Qg3 Nf6 26. Ne3 Nh5 27. Qf3 Nf4 28. Ng4 h5 29.
Nh2 Qf6 30. Qg3 Bc8 31. Nf3 Bd7 32. Bxf4 exf4 33. Qg5 Qxg5 34. Nxg5 a5 35. Nf3
Rfe8 36. Nd4 b4 37. Rab1 Rac8 38. Kf1 Be5 39. Nf3 Bg7 40. Nd4 1/2-1/2

[Event "Druzynowe Mistrzostwa Polski - II Liga 2023"]
[Site "Jastrzebia Gora"]
[Date "1899-12-30"]
[Round "2.1"]
[White "Grela, Kacper"]
[Black "Kaczmarek, Aleksander"]
[Result "1/2-1/2"]
[WhiteTitle "FM"]
[BlackTitle "FM"]
[WhiteElo "2355"]
[BlackElo "2276"]

1. e4 c5 2. c3 d5 3. exd5 Nf6 4. Nf3 Nxd5 5. Bc4 e6 6. O-O Be7 7. d4 cxd4 8. cxd4
O-O 9. Re1 b6 10. Nbd2 Bb7 11. Bb3 Nf6 12. a3 Na6 13. Qe2 Nc7 14. Qd3 Rc8 15.
Ne5 Ba6 16. Bc4 Bxc4 17. Ndxc4 Nb5 18. Rd1 Nd6 19. Ne3 Nde8 20. Qa6 Rc7 1/2-1/2

[Event "Druzynowe Mistrzostwa Polski - II Liga 2023"]
[Site "Jastrzebia Gora"]
[Date "1899-12-30"]
[Round "2.3"]
[White "Kejna, Piotr"]
[Black "Litner, Igor"]
[Result "1-0"]
[WhiteTitle "CM"]
[BlackTitle "I++"]
[WhiteElo "2267"]
[BlackElo "1954"]

1. e4 c6 2. d4 d5 3. f3 g6 4. e5 e6 5. c3 c5 6. f4 Nc6 7. Nf3 Qb6 8. a3 Nh6 9.
Bd3 Bd7 10. Bc2 cxd4 11. cxd4 Nf5 12. Bxf5 gxf5 13. Nc3 Na5 14. O-O Rc8 15. Rf2
Qb3 16. Qe1 Nc4 17. Nd2 Nxd2 18. Qxd2 Be7 19. Rf3 Qc4 20. Qd1 Bd8 21. Be3 Ba5
22. Bf2 Qa6 23. Rc1 1-0

[Event "Druzynowe Mistrzostwa Polski - II Liga 2023"]
[Site "Jastrzebia Gora"]
[Date "1899-12-30"]
[Round "2.4"]
[White "Fronczak, Sebastian"]
[Black "Komendecki, Antoni"]
[Result "1/2-1/2"]
[WhiteTitle "I"]
[BlackTitle "I++"]
[WhiteElo "1981"]
[BlackElo "1951"]

1. e4 c5 2. Nf3 e6 3. c3 d5 4. exd5 Qxd5 5. d4 Nc6 6. Na3 Nf6 7. Nb5 Qd8 8. dxc5
Bxc5 9. Qxd8+ Kxd8 10. Bg5 a6 11. Rd1+ Ke7 12. Nbd4 Bd7 13. Bc4 Rac8 14. O-O Nxd4
15. Nxd4 Ba3 16. Bxa6 bxa6 17. bxa3 h6 18. Bd2 Nd5 19. Rfe1 g6 20. Rc1 1/2-1/2

[Event "Druzynowe Mistrzostwa Polski - II Liga 2023"]
[Site "Jastrzebia Gora"]
[Date "1899-12-30"]
[Round "2.5"]
[White "Madera, Mateusz"]
[Black "Rzeszowski, Dominik"]
[Result "1/2-1/2"]
[WhiteTitle "I+"]
[BlackTitle "I++"]
[WhiteElo "1880"]
[BlackElo "1940"]

1. e4 e5 2. Nf3 Nc6 3. Bc4 Bc5 4. O-O Nf6 5. d3 d6 6. c3 Bb6 7. Re1 O-O 8. Nbd2
Ne7 9. Nf1 Ng6 10. Ng3 c6 11. Bb3 h6 12. h3 Re8 13. d4 d5 14. dxe5 Nxe5 15. Nxe5
Rxe5 16. Bf4 Re8 1/2-1/2

[Event "Druzynowe Mistrzostwa Polski - II Liga 2023"]
[Site "Jastrzebia Gora"]
[Date "1899-12-30"]
[Round "2.6"]
[White "Rudnik, Anna"]
[Black "Budkiewicz, Magdalena"]
[Result "0-1"]
[WhiteTitle "I++"]
[BlackTitle "k+"]
[WhiteElo "1800"]
[BlackElo "1762"]

1. e4 e5 2. Nf3 Nc6 3. Bc4 Bc5 4. c3 Nf6 5. d3 d6 6. h3 a5 7. Bb3 O-O 8. O-O Ba7
9. Re1 Be6 10. Bc2 Re8 11. Nbd2 d5 12. exd5 Bxd5 13. Nh2 Qd6 14. Ndf1 Rad8 15.
Qe2 Be6 16. Ng3 h6 17. Ng4 Nxg4 18. hxg4 Qe7 0-1

[Event "Druzynowe Mistrzostwa Polski - II Liga 2023"]
[Site "Jastrzebia Gora"]
[Date "1899-12-30"]
[Round "2.7"]
[White "Grzesik, Gracjan"]
[Black "Romanishin, Oleg M"]
[Result "1/2-1/2"]
[WhiteTitle "k"]
[BlackTitle "GM"]
[WhiteElo "2149"]
[BlackElo "2385"]

1. c4 e5 2. Nc3 Nf6 3. Nf3 Nc6 4. g3 d5 5. cxd5 Nxd5 6. Bg2 Nb6 7. O-O Be7 8. a3
Be6 9. b4 Nd4 10. Rb1 Nxf3+ 11. Bxf3 c6 12. d3 O-O 13. Qc2 f5 14. Bd2 Rc8 15.
Rfd1 Qe8 16. Na4 Nxa4 17. Qxa4 a6 18. Rdc1 Qf7 19. Bg2 Bf6 20. Bc3 Rfe8 21. Qc2
Ba2 22. Ra1 Bd5 1/2-1/2

[Event "Druzynowe Mistrzostwa Polski - II Liga 2023"]
[Site "Jastrzebia Gora"]
[Date "1899-12-30"]
[Round "2.8"]
[White "Steczek, Marcin"]
[Black "Sokolowski, Ryszard"]
[Result "1-0"]
[WhiteTitle "FM"]
[BlackTitle "k"]
[WhiteElo "2350"]
[BlackElo "1958"]

1. Nf3 c5 2. b3 d6 3. c4 e5 4. Nc3 Nc6 5. g3 g6 6. Bg2 Bg7 7. Bb2 Nge7 8. h4 h6
9. d3 Be6 10. Qd2 Rb8 11. Nh2 d5 12. cxd5 Nxd5 13. h5 g5 14. Nxd5 Bxd5 15. Bxd5
Qxd5 16. e4 Qd7 17. O-O 1-0

[Event "Druzynowe Mistrzostwa Polski - II Liga 2023"]
[Site "Jastrzebia Gora"]
[Date "1899-12-30"]
[Round "2.9"]
[White "Majewski, Krzysztof"]
[Black "Bednarek, Sylwester"]
[Result "1-0"]
[WhiteTitle "I+"]
[BlackTitle "FM"]
[WhiteElo "1903"]
[BlackElo "2268"]

1. e4 e6 2. d4 d5 3. exd5 exd5 4. Nf3 Nc6 5. h3 Bf5 6. c3 Qd7 7. Bb5 Bd6 8. Be3
a6 9. Ba4 Nge7 10. Nbd2 b5 11. Bc2 Ng6 12. Bxf5 Qxf5 13. Qb1 Qd7 14. Qd3 O-O 15.
O-O Nce7 16. Rfe1 Nf5 17. Nf1 c6 18. Bd2 f6 19. b3 Bc7 20. a4 Nf4 21. Bxf4 Bxf4
22. g3 Bc7 23. Kg2 Nd6 24. N1d2 g6 25. c4 Nf5 26. axb5 axb5 27. cxb5 cxb5 28.
Nf1 Rxa1 29. Rxa1 Re8 1-0

[Event "Druzynowe Mistrzostwa Polski - II Liga 2023"]
[Site "Jastrzebia Gora"]
[Date "1899-12-30"]
[Round "2.10"]
[White "Smagalski, Slawomir"]
[Black "Gajdzica, Maciej"]
[Result "1-0"]
[WhiteTitle "I++"]
[BlackTitle "k"]
[WhiteElo "1942"]
[BlackElo "1968"]

1. Nf3 d5 2. c4 d4 3. g3 Nc6 4. Bg2 e5 5. d3 Nf6 6. O-O a5 7. e3 Be7 8. exd4 exd4
9. Re1 O-O 10. Ne5 Nxe5 11. Rxe5 Bd6 12. Re1 h6 13. Nd2 c6 14. Nf3 Qb6 15. Nh4
Bd7 16. h3 Rfe8 17. Rf1 1-0

[Event "Druzynowe Mistrzostwa Polski - II Liga 2023"]
[Site "Jastrzebia Gora"]
[Date "1899-12-30"]
[Round "2.11"]
[White "Lonski, Aleksander"]
[Black "Walaszczyk, Witold"]
[Result "1-0"]
[WhiteTitle "I"]
[BlackTitle "k"]
[WhiteElo "1805"]
[BlackElo "1945"]

1. e4 c5 2. Nf3 g6 3. d4 cxd4 4. Qxd4 Nf6 5. Nc3 Nc6 6. Qa4 d6 7. e5 dxe5 8. Nxe5
Qd4 9. Nxc6 Qxa4 10. Nxa4 bxc6 11. Be2 Bg7 12. Bf3 Nd5 13. O-O O-O 14. c4 Nb4
15. Be3 Be6 16. Bc5 Nc2 17. Rac1 Nd4 18. Bxd4 Bxd4 19. Bxc6 Rac8 20. Bb5 Rc7 21.
Rfd1 Be5 22. b3 1-0

[Event "Druzynowe Mistrzostwa Polski - II Liga 2023"]
[Site "Jastrzebia Gora"]
[Date "1899-12-30"]
[Round "2.12"]
[White "Bukowska, Katarzyna"]
[Black "Krzywnicka, Maria"]
[Result "0-1"]
[WhiteTitle "k++"]
[BlackTitle "I++"]
[WhiteElo "1732"]
[BlackElo "1835"]

1. e4 c5 2. Nf3 d6 3. d4 cxd4 4. Nxd4 Nf6 5. Nc3 a6 6. Be2 e5 7. Nb3 Be7 8. O-O
O-O 9. Kh1 Nc6 10. f4 b5 11. a4 b4 12. Nd5 Nxe4 13. Bf3 f5 14. Nxe7+ Nxe7 15.
fxe5 dxe5 16. Qxd8 Rxd8 17. Bg5 Re8 18. Nc5 Rb8 19. Nxe4 fxe4 20. Bxe4 Bb7 21.
Rae1 Nd5 22. Kg1 Nb6 23. b3 0-1

[Event "Druzynowe Mistrzostwa Polski - II Liga 2023"]
[Site "Jastrzebia Gora"]
[Date "1899-12-30"]
[Round "2.13"]
[White "Koziorowicz, Michal"]
[Black "Sliwicka, Alicja"]
[Result "1-0"]
[WhiteTitle "FM"]
[BlackTitle "WIM"]
[WhiteElo "2321"]
[BlackElo "2321"]

1. c4 e6 2. Nf3 d5 3. e3 Nf6 4. Nc3 a6 5. d3 c5 6. g3 Nc6 7. Bg2 Be7 8. O-O O-O
9. b3 d4 10. exd4 cxd4 11. Nb1 Re8 12. a3 a5 13. Re1 h6 14. Qc2 Bc5 15. Nbd2 e5
16. Nh4 g5 17. Nhf3 Bf5 18. h4 g4 19. Nh2 1-0

[Event "Druzynowe Mistrzostwa Polski - II Liga 2023"]
[Site "Jastrzebia Gora"]
[Date "1899-12-30"]
[Round "2.14"]
[White "Sliwicki, Damian"]
[Black "Marczuk, Dominik"]
[Result "1/2-1/2"]
[WhiteTitle "CM"]
[BlackTitle "FM"]
[WhiteElo "2091"]
[BlackElo "2253"]

1. e4 c6 2. Nf3 d5 3. d3 Bg4 4. h3 Bh5 5. Be2 dxe4 6. dxe4 Qxd1+ 7. Bxd1 Nd7 8.
O-O e5 9. Nbd2 f6 10. Nxe5 Bxd1 11. Nxd7 Bxc2 12. Nxf8 Kxf8 13. Re1 Rd8 14. Nf3
Kf7 15. e5 Rd1 16. Be3 Rxa1 17. Rxa1 b6 18. Re1 Be4 1/2-1/2

[Event "Druzynowe Mistrzostwa Polski - II Liga 2023"]
[Site "Jastrzebia Gora"]
[Date "1899-12-30"]
[Round "2.15"]
[White "Chmiel, Marcin"]
[Black "Praczukowski, Stanislaw"]
[Result "1/2-1/2"]
[WhiteTitle "k+"]
[BlackTitle "k"]
[WhiteElo "2184"]
[BlackElo "2142"]

1. c4 c6 2. g3 d5 3. Nf3 Nf6 4. Bg2 dxc4 5. O-O Nbd7 6. Na3 Nb6 7. Ne5 Qd4 8. Nxc6
bxc6 9. Bxc6+ Bd7 10. Bxa8 Nxa8 11. d3 cxd3 12. Be3 Qd5 13. Qxd3 Qxd3 14. exd3
Nb6 15. Rfc1 Nfd5 16. Bc5 g6 17. Bd4 f6 18. f4 e6 19. Nc4 Be7 20. Ne3 Nxe3 21.
Bxe3 Bd8 22. a4 a5 1/2-1/2

[Event "Druzynowe Mistrzostwa Polski - II Liga 2023"]
[Site "Jastrzebia Gora"]
[Date "1899-12-30"]
[Round "2.16"]
[White "Gorkiewicz, Mateusz"]
[Black "Dylag, Emilia"]
[Result "1-0"]
[WhiteTitle "k"]
[BlackTitle "WFM"]
[WhiteElo "2133"]
[BlackElo "2169"]

1. e4 e5 2. Nc3 Nf6 3. f4 d5 4. fxe5 Nxe4 5. Qf3 Nxc3 6. dxc3 Qh4+ 7. g3 Qe4+ 8.
Qxe4 dxe4 9. Bg2 Bf5 10. Ne2 Nc6 11. Nd4 Nxd4 12. cxd4 O-O-O 13. c3 c5 14. Be3
cxd4 15. Bxd4 b6 16. Rf1 Bg6 17. Rf4 Bc5 18. Bxe4 f6 1-0

[Event "Druzynowe Mistrzostwa Polski - II Liga 2023"]
[Site "Jastrzebia Gora"]
[Date "1899-12-30"]
[Round "2.17"]
[White "Owoc, Jakub"]
[Black "Tamon, Radoslaw"]
[Result "1/2-1/2"]
[WhiteTitle "I+"]
[BlackTitle "I"]
[WhiteElo "1915"]
[BlackElo "1845"]

1. d4 Nf6 2. Nf3 c5 3. d5 d6 4. c4 g6 5. Nc3 Bg7 6. e4 O-O 7. Be2 a6 8. a4 Ne8
9. Bf4 Nd7 10. O-O Ne5 11. Qd2 Nxf3+ 12. Bxf3 e5 13. dxe6 Bxe6 14. Nd5 Bd4 15.
Rad1 Bxd5 16. exd5 a5 17. b3 Ng7 18. Rfe1 Qd7 19. Bg5 f6 20. Be3 Bxe3 21. Rxe3
b6 22. Qc3 Qf5 23. Be4 Qg5 1/2-1/2

[Event "Druzynowe Mistrzostwa Polski - II Liga 2023"]
[Site "Jastrzebia Gora"]
[Date "1899-12-30"]
[Round "2.18"]
[White "Sliwicka, Weronika"]
[Black "Jedrocha, Katarzyna"]
[Result "0-1"]
[WhiteTitle "I"]
[BlackTitle "k"]
[WhiteElo "1526"]
[BlackElo "1976"]

1. e4 e5 2. Nf3 Nc6 3. Nc3 Nf6 4. d4 exd4 5. Nxd4 Bb4 6. Nxc6 bxc6 7. Bd3 d5 8.
exd5 O-O 9. O-O cxd5 10. Bg5 c6 11. h3 Bd6 12. Re1 h6 13. Bd2 Bc7 14. f4 Qd6 15.
Qf3 Bd7 16. a3 Rab8 17. Rab1 c5 18. Nd1 Bc6 19. Nf2 0-1

[Event "Druzynowe Mistrzostwa Polski - II Liga 2023"]
[Site "Jastrzebia Gora"]
[Date "1899-12-30"]
[Round "2.19"]
[White "Bebel, Arkadiusz"]
[Black "Stanisz, Patryk"]
[Result "1-0"]
[WhiteTitle "FM"]
[BlackTitle "CM"]
[WhiteElo "2250"]
[BlackElo "2149"]

1. Nf3 d5 2. g3 g6 3. Bg2 Bg7 4. O-O e5 5. d3 Ne7 6. c4 O-O 7. cxd5 Nxd5 8. Nc3
c6 9. Bg5 Qd6 10. Qc1 Re8 11. Nd2 Nxc3 12. bxc3 f5 13. Be3 Be6 14. Rb1 b6 15.
c4 Nd7 16. c5 bxc5 17. Qa3 Bd5 18. Nc4 Qe6 19. Rb7 1-0

[Event "Druzynowe Mistrzostwa Polski - II Liga 2023"]
[Site "Jastrzebia Gora"]
[Date "1899-12-30"]
[Round "2.20"]
[White "Kaminski, Piotr"]
[Black "Zysko, Jan"]
[Result "1-0"]
[WhiteTitle "k"]
[BlackTitle "k+"]
[WhiteElo "2024"]
[BlackElo "2167"]

1. d4 Nf6 2. c4 g6 3. Nc3 Bg7 4. e4 d6 5. f3 O-O 6. Be3 c5 7. Nge2 Nc6 8. d5 Ne5
9. Ng3 h5 10. Be2 h4 11. Nf1 e6 12. Bg5 Qb6 13. Qb3 Qxb3 14. axb3 exd5 15. cxd5
h3 16. g4 Bd7 17. Ne3 b5 18. Bxf6 Bxf6 19. f4 b4 20. Ncd1 Nc6 21. dxc6 Bxc6 22.
Nd5 Bxd5 23. exd5 Rfe8 24. g5 Bg7 1-0

[Event "Druzynowe Mistrzostwa Polski - II Liga 2023"]
[Site "Jastrzebia Gora"]
[Date "1899-12-30"]
[Round "2.21"]
[White "Solnicki, Michal"]
[Black "Rudecki, Bartosz"]
[Result "1-0"]
[WhiteTitle "k"]
[BlackTitle "I+"]
[WhiteElo "2110"]
[BlackElo "1880"]

1. Nf3 d5 2. d3 f5 3. c4 c6 4. b3 Nf6 5. Bb2 e6 6. Nbd2 Be7 7. Qc2 O-O 8. a3 a5
9. e4 Bd7 10. Be2 Be8 11. Nd4 Qd7 12. exf5 exf5 13. N2f3 Bd6 14. O-O c5 15. Nb5
d4 16. b4 b6 17. bxc5 bxc5 18. Rab1 Nc6 19. Nxd6 Qxd6 20. Bc1 Rb8 21. Rxb8 Qxb8
22. g3 Nh5 23. Ng5 f4 24. Qd1 fxg3 25. Bxh5 gxf2+ 26. Kg2 1-0

[Event "Druzynowe Mistrzostwa Polski - II Liga 2023"]
[Site "Jastrzebia Gora"]
[Date "1899-12-30"]
[Round "2.22"]
[White "Szmyd, Arkadiusz"]
[Black "Szwaj, Jacek"]
[Result "1-0"]
[WhiteTitle "CM"]
[BlackTitle "I++"]
[WhiteElo "2053"]
[BlackElo "1886"]

1. e4 d6 2. d4 Nf6 3. Nc3 Nbd7 4. f3 e5 5. Nge2 c6 6. Be3 Qc7 7. Qd2 b5 8. d5 cxd5
9. Nxb5 Qb8 10. Qa5 d4 11. Nc7+ Ke7 12. Ng3 g6 13. Bg5 Bg7 14. Nd5+ Ke8 15. Bb5
a6 16. Bxd7+ Bxd7 17. Bxf6 Qxb2 18. O-O Bxf6 19. Nxf6+ Ke7 20. Nxd7 Kxd7 21. Rab1
1-0

[Event "Druzynowe Mistrzostwa Polski - II Liga 2023"]
[Site "Jastrzebia Gora"]
[Date "1899-12-30"]
[Round "2.23"]
[White "Pettersson, Alexander"]
[Black "Boruta, Dawid"]
[Result "1/2-1/2"]
[WhiteTitle "I"]
[BlackTitle "I++"]
[WhiteElo "1820"]
[BlackElo "1990"]

1. d4 Nf6 2. c4 c5 3. d5 b5 4. Nf3 b4 5. Nbd2 g6 6. e4 d6 7. Bd3 Bg7 8. O-O O-O
9. Re1 Bg4 10. a3 a5 11. axb4 cxb4 12. h3 Bxf3 13. Nxf3 Nfd7 14. Bc2 Ne5 15. Nxe5
Bxe5 16. f4 Bg7 17. Ba4 Qc7 18. Qe2 1/2-1/2

[Event "Druzynowe Mistrzostwa Polski - II Liga 2023"]
[Site "Jastrzebia Gora"]
[Date "1899-12-30"]
[Round "2.24"]
[White "Tarnowska, Aleksandra"]
[Black "Kaniak, Monika"]
[Result "1/2-1/2"]
[WhiteTitle "WCM"]
[BlackTitle "k"]
[WhiteElo "1860"]
[BlackElo "1796"]

1. e4 c6 2. d4 d5 3. Nc3 dxe4 4. Nxe4 Nf6 5. Nxf6+ exf6 6. Nf3 Bd6 7. Be3 O-O 8.
Qd2 Re8 9. O-O-O Be6 10. Kb1 Nd7 11. Bd3 Nb6 12. Nh4 Nd5 13. Bf5 Qd7 14. Qd3 Nb4
15. Bxe6 Qxe6 16. Qb3 Qe4 17. Nf3 a5 1/2-1/2

[Event "Druzynowe Mistrzostwa Polski - II Liga 2023"]
[Site "Jastrzebia Gora"]
[Date "1899-12-30"]
[Round "2.25"]
[White "Siwiec, Arkadiusz"]
[Black "Mickiewicz, Piotr"]
[Result "0-1"]
[WhiteTitle "I++"]
[BlackTitle "m"]
[WhiteElo "2211"]
[BlackElo "2255"]

1. d4 Nf6 2. c4 e6 3. Nc3 d5 4. Bg5 c6 5. cxd5 exd5 6. e3 Be7 7. Bd3 Bg4 8. Nge2
Bh5 9. O-O Nbd7 10. Rb1 a5 11. Qb3 Ra7 12. Ng3 Bg6 13. Nf5 Bxf5 14. Bxf5 O-O 15.
f3 h6 16. Bh4 b5 0-1

[Event "Druzynowe Mistrzostwa Polski - II Liga 2023"]
[Site "Jastrzebia Gora"]
[Date "1899-12-30"]
[Round "2.26"]
[White "Kosiorek, Marek"]
[Black "Jankowiak, Piotr"]
[Result "1-0"]
[WhiteTitle "m"]
[BlackTitle "k"]
[WhiteElo "2259"]
[BlackElo "2073"]

1. d4 d5 2. Nf3 Nf6 3. c4 c6 4. Nc3 dxc4 5. a4 Bf5 6. e3 e6 7. Bxc4 Bb4 8. O-O
Nbd7 9. Qb3 Qe7 10. Nh4 Bg4 11. f3 Bh5 12. g3 O-O 13. Na2 Bd6 14. e4 Bc7 15. Be3
Rab8 16. Nc3 a5 17. Rac1 Rfd8 1-0

[Event "Druzynowe Mistrzostwa Polski - II Liga 2023"]
[Site "Jastrzebia Gora"]
[Date "1899-12-30"]
[Round "2.27"]
[White "Grzeskow, Adrian"]
[Black "Maciaga, Marcin"]
[Result "0-1"]
[WhiteTitle "I+"]
[BlackTitle "k++"]
[WhiteElo "1955"]
[BlackElo "2123"]

1. d4 Nf6 2. f3 d5 3. Nc3 c5 4. e4 dxe4 5. d5 exf3 6. Nxf3 a6 7. Bg5 h6 8. Bh4
Bf5 9. Bd3 Bxd3 10. Qxd3 Nbd7 11. O-O-O g5 12. Rhe1 Bg7 13. d6 e6 14. Bf2 Qa5
0-1

[Event "Druzynowe Mistrzostwa Polski - II Liga 2023"]
[Site "Jastrzebia Gora"]
[Date "1899-12-30"]
[Round "2.28"]
[White "Syrkiewicz, Michal"]
[Black "Statucki, Maciej"]
[Result "1-0"]
[WhiteTitle "k"]
[BlackTitle "I"]
[WhiteElo "2041"]
[BlackElo "1868"]

1. e4 c5 2. Nf3 d6 3. d4 cxd4 4. Nxd4 Nf6 5. Nc3 g6 6. Be3 Bg7 7. f3 Nc6 8. g4
O-O 9. Qd2 Be6 10. Nxe6 fxe6 11. O-O-O Ne5 12. Be2 Rc8 13. Nb5 a6 14. Nd4 Qd7
15. g5 Nh5 16. b3 Nf7 17. Bf1 Bxd4 18. Bxd4 e5 19. Be3 b5 20. h4 1-0

[Event "Druzynowe Mistrzostwa Polski - II Liga 2023"]
[Site "Jastrzebia Gora"]
[Date "1899-12-30"]
[Round "2.29"]
[White "Adaszewski, Pawel"]
[Black "Krasiewicz, Robert"]
[Result "1/2-1/2"]
[WhiteTitle "II"]
[BlackTitle "k+"]
[WhiteElo "1694"]
[BlackElo "1945"]

1. b3 d6 2. Bb2 e5 3. e3 Nc6 4. g3 h5 5. h4 Bg4 6. f3 Bd7 7. Bh3 f5 8. Qe2 g5 9.
hxg5 Qxg5 10. Qf2 Bg7 11. Nc3 Nge7 12. O-O-O O-O-O 13. f4 Qg6 14. fxe5 dxe5 15.
Nge2 Bf6 16. Bg2 Be6 17. d3 Bg5 18. Kb1 Qh6 19. e4 Be3 1/2-1/2

[Event "Druzynowe Mistrzostwa Polski - II Liga 2023"]
[Site "Jastrzebia Gora"]
[Date "1899-12-30"]
[Round "2.30"]
[White "Michalska, Aleksandra"]
[Black "Czarniecka, Aleksandra"]
[Result "0-1"]
[WhiteTitle "I++"]
[BlackTitle "m"]
[WhiteElo "1844"]
[BlackElo "2000"]

1. e4 c5 2. Nc3 a6 3. a4 Nc6 4. f4 g6 5. Nf3 Bg7 6. Be2 e6 7. O-O Nge7 8. e5 d5
9. Kh1 Nf5 10. Qe1 Bd7 11. Bd3 Nfd4 12. Nxd4 Nxd4 13. Ne2 Nxe2 14. Bxe2 d4 15.
b3 Bc6 16. Bf3 Qc7 17. d3 O-O 18. a5 Rae8 19. Bd2 f6 20. exf6 Rxf6 21. Qh4 0-1

[Event "Druzynowe Mistrzostwa Polski - II Liga 2023"]
[Site "Jastrzebia Gora"]
[Date "1899-12-30"]
[Round "2.31"]
[White "Sopur, Lech"]
[Black "Seifert, Henryk"]
[Result "1-0"]
[WhiteTitle "m"]
[BlackTitle "FM"]
[WhiteElo "2415"]
[BlackElo "2106"]

1. Nf3 d5 2. g3 c6 3. Bg2 Nf6 4. O-O Bf5 5. c4 e6 6. cxd5 exd5 7. d3 Nbd7 8. Nc3
Nc5 9. Nd4 Bg4 10. h3 Bd7 11. e4 Ne6 12. Nf5 d4 13. Ne2 Qb6 14. b4 g6 15. Nh6
Bg7 16. Qb3 Ng8 17. Nxg8 Rxg8 18. Bd2 1-0

[Event "Druzynowe Mistrzostwa Polski - II Liga 2023"]
[Site "Jastrzebia Gora"]
[Date "1899-12-30"]
[Round "2.32"]
[White "Malik, Maciej"]
[Black "Goszczynski, Andrzej"]
[Result "0-1"]
[WhiteTitle "k"]
[BlackTitle "I+"]
[WhiteElo "2023"]
[BlackElo "2076"]

1. e4 c5 2. d4 cxd4 3. c3 d3 4. Bxd3 Nc6 5. f4 d6 6. Nf3 Nf6 7. O-O g6 8. h3 Bg7
9. Be3 Nd7 10. Na3 a6 11. Qe2 b5 12. Rfd1 Bb7 13. Nc2 Qa5 14. a3 Qc7 15. Nb4 Na5
16. a4 Nb3 17. Ra3 bxa4 18. Nxa6 Bxa6 19. Bxa6 Nbc5 20. Bb5 0-1

[Event "Druzynowe Mistrzostwa Polski - II Liga 2023"]
[Site "Jastrzebia Gora"]
[Date "1899-12-30"]
[Round "2.33"]
[White "Gradowski, Jacek"]
[Black "Miszczak, Dariusz"]
[Result "1-0"]
[WhiteTitle "k"]
[BlackTitle "I+"]
[WhiteElo "2072"]
[BlackElo "1967"]

1. d4 Nf6 2. c4 c5 3. d5 b5 4. cxb5 a6 5. bxa6 e6 6. Nc3 Nxd5 7. Nxd5 exd5 8. Qxd5
Nc6 9. Nf3 Bxa6 10. Bd2 Be7 11. e3 Qc8 12. Bc3 Nb4 13. Bxb4 cxb4 14. Bxa6 Qxa6
15. Ne5 O-O 16. Nd3 Qc6 17. Qxc6 dxc6 18. Ke2 c5 19. Rhc1 Rfc8 20. Rc4 Ra5 1-0

[Event "Druzynowe Mistrzostwa Polski - II Liga 2023"]
[Site "Jastrzebia Gora"]
[Date "1899-12-30"]
[Round "2.34"]
[White "Spyra, Piotr"]
[Black "Flis, Pawel"]
[Result "1/2-1/2"]
[WhiteTitle "I"]
[BlackTitle "CM"]
[WhiteElo "1850"]
[BlackElo "1948"]

1. e4 e5 2. Nf3 Nc6 3. d4 exd4 4. Nxd4 Nf6 5. Nxc6 bxc6 6. e5 Ne4 7. Nd2 Nxd2 8.
Bxd2 Bc5 9. Qg4 g6 10. Bg5 Be7 11. Bh6 Bf8 12. Bxf8 Kxf8 13. Bd3 Qe7 14. O-O Qxe5
15. Rfe1 Qf6 16. Re3 d6 17. Qc4 Bd7 18. Rf3 Qe6 19. Qc3 Qe5 20. Qb3 Be6 21. Qb7
Kg7 22. Re3 1/2-1/2

[Event "Druzynowe Mistrzostwa Polski - II Liga 2023"]
[Site "Jastrzebia Gora"]
[Date "1899-12-30"]
[Round "2.35"]
[White "Redlich, Bogdan"]
[Black "Kotula, Pawel"]
[Result "1/2-1/2"]
[WhiteTitle "k"]
[BlackTitle "I"]
[WhiteElo "1788"]
[BlackElo "1712"]

1. d4 Nf6 2. Nf3 g6 3. c4 Bg7 4. Nc3 d6 5. e4 Nc6 6. d5 Ne5 7. Be2 O-O 8. O-O Ned7
9. Qc2 e5 10. Ne1 a5 11. Nd3 Ne8 12. f4 f5 13. Be3 Qe7 14. exf5 gxf5 15. Rae1
e4 16. Nf2 Nc5 17. Qd2 Nf6 18. Bd4 Bd7 19. Nfd1 b6 20. Ne3 Rae8 21. Ncd1 Bh6 22.
g3 Bg7 23. b3 Qf7 24. Rf2 Qg6 25. Kh1 h5 26. Rg2 Kf7 27. Reg1 Rh8 1/2-1/2